[Event "Jakarta op"]
[Site "Jakarta"]
[Date "2018.07.03"]
[Round "8"]
[White "Syaifudin, Agus"]
[Black "Hartono"]
[Result "1-0"]
[WhiteElo "2161"]
[BlackElo "2150"]
[PlyCount "79"]
[EventDate "2018.06.29"]
[EventType "swiss"]
[EventRounds "9"]
[EventCountry "INA"]
[SourceTitle "CBM 185 Extra"]
[Source "ChessBase"]
[SourceDate "2018.07.29"]
[SourceVersion "1"]
[SourceVersionDate "2018.07.29"]
[SourceQuality "1"]

1. e4 c5 2. Nf3 e6 3. c3 Nf6 4. e5 Nd5 5. d4 cxd4 6. cxd4 Nc6 7. Nc3 Nxc3 8. bxc3 d6 9. Bd3 Be7 10. 0-0 Bd7 11. Re1 d5 12. Nd2 Qc7 13. Nb3 0-0-0 14. Rb1 f5 15. Qe2 Kb8 16. Bd2 Bc8 17. a4 Ka8 18. Ra1 g5 19. a5 f4 20. Rec1 Rdf8 21. a6 Nb8 22. axb7+ Bxb7 23. Na5 Nd7 24. Nxb7 Qxb7 25. c4 Rb8 26. c5 Qc7 27. Ra6 Rb2 28. Qd1 Rc8 29. Bc3 Qb7 30. Rxa7+ Kxa7 31. Qa4+ Kb8 32. Bxb2 Qxb2 33. Rb1 Qxb1+ 34. Bxb1 Nxc5 35. dxc5 Rxc5 36. h3 Rc1+ 37. Kh2 Bc5 38. Qb3+ Kc8 39. Qb2 Rf1 40. Qc2 1-0

[Event "Jakarta op"]
[Site "Jakarta"]
[Date "2018.06.30"]
[Round "3"]
[White "Lasya, Latifah"]
[Black "Syaifudin, Agus"]
[Result "0-1"]
[WhiteElo "1924"]
[BlackElo "2161"]
[PlyCount "90"]
[EventDate "2018.06.29"]
[EventType "swiss"]
[EventRounds "9"]
[EventCountry "INA"]
[SourceTitle "CBM 185 Extra"]
[Source "ChessBase"]
[SourceDate "2018.07.29"]
[SourceVersion "1"]
[SourceVersionDate "2018.07.29"]
[SourceQuality "1"]

1. e4 c5 2. Nf3 g6 3. d4 cxd4 4. Nxd4 Bg7 5. Nc3 Nc6 6. Be3 Nf6 7. Bc4 0-0 8. Qd2 Nxe4 9. Bxf7+ Rxf7 10. Nxe4 d5 11. Ng5 Rf6 12. f4 e5 13. Nxc6 bxc6 14. 0-0 h6 15. Nf3 e4 16. Ne5 Re6 17. Bd4 Kh7 18. Qc3 Qe7 19. Rad1 Ba6 20. Rf2 Rc8 21. b4 g5 22. Qh3 Rf8 23. Bc5 Rd6 24. Bxd6 Qxd6 25. Qa3 gxf4 26. Qxa6 Bxe5 27. Qxa7+ Kg6 28. Qa3 Qe6 29. Qa6 Rf6 30. Qf1 h5 31. Qe1 Kh6 32. c4 e3 33. Rf3 d4 34. Qe2 Rg6 35. Kh1 Rg8 36. Qc2 Qg6 37. Qxg6+ Kxg6 38. g3 Kf5 39. gxf4 Ke4 40. Rg3 Rxg3 41. hxg3 e2 42. Re1 d3 43. fxe5 Kf3 44. e6 d2 45. Rg1 e1Q 0-1

[Event "Cilacap MPCNI"]
[Site "Cilacap"]
[Date "2017.12.27"]
[Round "4"]
[White "Syaifudin, Agus"]
[Black "Verdiana, Norasa"]
[Result "0-1"]
[WhiteElo "2195"]
[BlackElo "2104"]
[PlyCount "108"]
[EventDate "2017.12.26"]
[EventType "tourn"]
[EventRounds "9"]
[EventCountry "INA"]
[SourceTitle "CBM 182 Extra"]
[Source "ChessBase"]
[SourceDate "2018.02.23"]
[SourceVersion "1"]
[SourceVersionDate "2018.02.23"]
[SourceQuality "1"]

1. e4 e5 2. Nf3 Nc6 3. Bb5 a6 4. Ba4 Nf6 5. d4 b5 6. Bb3 exd4 7. e5 Ng4 8. Bd5 Qe7 9. 0-0 Qc5 10. Bxc6 dxc6 11. Bf4 Be7 12. h3 Nh6 13. Bxh6 gxh6 14. Nbd2 Qd5 15. Re1 Rg8 16. Kh1 Bf5 17. a4 b4 18. Nf1 Be4 19. N1h2 c5 20. Qe2 Bf5 21. Nf1 Qc6 22. Ng3 Be6 23. Qe4 Bd5 24. Qxh7 0-0-0 25. Qf5+ Kb7 26. b3 Bxf3 27. Qxf3 Qxf3 28. gxf3 d3 29. cxd3 Rxd3 30. Rab1 h5 31. Ne4 Rxf3 32. Re3 Rxe3 33. fxe3 Rd8 34. Kg2 Rd5 35. Kf3 Rxe5 36. Ng3 Kc6 37. e4 h4 38. Nf5 c4 39. bxc4 Kc5 40. Kf4 Re6 41. e5 f6 42. exf6 Bxf6 43. Ne3 Bg5+ 44. Kxg5 Rxe3 45. Kxh4 Kxc4 46. Kg4 b3 47. h4 Re4+ 48. Kg5 Kc3 49. Rc1+ Kb4 50. Rxc7 Ka3 51. Rc3 Kxa4 52. Rc1 b2 53. Rh1 Rc4 54. Rb1 Ka3 0-1

[Event "Cilacap MPCNI"]
[Site "Cilacap"]
[Date "2017.12.26"]
[Round "1"]
[White "Margana, Adhy"]
[Black "Syaifudin, Agus"]
[Result "1-0"]
[WhiteElo "2236"]
[BlackElo "2195"]
[PlyCount "77"]
[EventDate "2017.12.26"]
[EventType "tourn"]
[EventRounds "9"]
[EventCountry "INA"]
[SourceTitle "CBM 182 Extra"]
[Source "ChessBase"]
[SourceDate "2018.02.23"]
[SourceVersion "1"]
[SourceVersionDate "2018.02.23"]
[SourceQuality "1"]

1. d4 Nf6 2. c4 g6 3. g3 Bg7 4. Nf3 0-0 5. Bg2 d6 6. 0-0 c5 7. d5 e6 8. Nc3 exd5 9. cxd5 a6 10. a4 Bf5 11. Nd2 Qc7 12. Nc4 Ne8 13. h3 b6 14. Re1 Bc8 15. e4 Nd7 16. f4 f6 17. Kh2 Rb8 18. Na3 Qd8 19. Be3 f5 20. Qd2 a5 21. Nc4 Ba6 22. b3 Bxc4 23. bxc4 Nc7 24. Rab1 Na6 25. Nb5 Qe7 26. exf5 gxf5 27. Bxc5 Qxe1 28. Qxe1 Naxc5 29. Nxd6 Kh8 30. h4 Rf6 31. Ne8 Rf7 32. Bh3 Bf8 33. Nc7 Re7 34. Qd1 Rc8 35. d6 Rf7 36. Qd5 Rf6 37. Bxf5 Rxd6 38. Qf7 Bg7 39. Ne8 1-0